00606nam a22001577a 450000500170000000800410001702000180005804000100007608200190008610000280010524500780013326000430021130000210025450000270027565001460030220260219143223.0260219b |||||||| |||| 00| 0 eng d a9789387791039 cVITAP 223a070.44 THG aTHG Publishing Pvt Ltd. aK.A. Nilakanta Sastrib: Writings in The Hinduc/ THG Publishing Pvt Ltd. aChennaibTHG Publishing Pvt Ltd.c2024 a224p, ill.: 21cm aIt include index pages 0aSouth Indian History, Chola Administration & Culture, Ancient Indian Civilization,Historiography, Religion & Society, Art & Architecture etc.